000 00841nam a2200229Ii 4500
003 JO-AjNU
008 230605s9999||||xx |||||||||||||| ||und||
017 _a2009/4/2069
020 _a978-9957-417-24-6
040 _aJO-AjNU
_bara
_erda
_cJO-AjNU
041 _aara
050 1 4 _aP96 2009
100 3 _aندوة اللغة العربية والإعلام وكتاب النص، 13/9/2005؛ اشراف ومراجعة همام عضيب؛ تحرير كايد هاشم,
_eauthor
_924743
245 0 0 _aاللغة العربية والإعلام وكتّاب النص
250 _aط1
264 3 1 _aعمان:منتدى الفكر العربي,2009
300 _a154ص
336 _atext
_btxt
_2rdacontent
337 _aunmediated
_bn
_2rdamedia
338 _avolume
_bnc
_2rdacarrier
650 4 _aاللغة العبية-اللغة
_924744
999 _aA9161
_c12729
_d12729